نشا ط ا لثا نیہ / (Record no. 76014)

MARC details
000 -LEADER
fixed length control field 00804nam a22002297a 4500
005 - DATE AND TIME OF LATEST TRANSACTION
control field 20130523130213.0
008 - FIXED-LENGTH DATA ELEMENTS--GENERAL INFORMATION
fixed length control field 090109t xxu||||| |||| 00| 0urd d
010 ## - LCCN (DPL NO)
LC control number UR-8408
020 ## - INTERNATIONAL STANDARD BOOK NUMBER
Terms of availability 200.00
035 ## - SYSTEM CONTROL NUMBER
System control number U-6963
037 ## - SOURCE OF ACQUISITION
Source of stock number/acquisition DBAD/PUB
040 ## - CATALOGING SOURCE
Original cataloging agency DPL
Language of cataloging urdu
082 ## - DEWEY DECIMAL CLASSIFICATION NUMBER
Classification number 841.1
100 ## - MAIN ENTRY--PERSONAL NAME
9 (RLIN) 12785
Personal name نظیر علی عد یل
245 ## - TITLE STATEMENT
Title نشا ط ا لثا نیہ /
Statement of responsibility, etc نظیر علی عد یل
246 ## - VARYING FORM OF TITLE
Title proper/short title Nashat-Us-Sania
Remainder of title by Syed Nazeer Ali Adeel
260 ## - PUBLICATION, DISTRIBUTION, ETC. (IMPRINT)
Place of publication, distribution, etc حید ر آ با د
Name of publisher, distributor, etc ا لا نصا ر پبلی کیشنز
Date of publication, distribution, etc 2009
270 ## - ADDRESS
Address 18-8-223/12/A, Riyasat Nagar,
City Hyderabad
Postal code 059
Telephone number 9391301192
Electronic mail address al_ansar_annual@yahoo.co.in
300 ## - PHYSICAL DESCRIPTION
Extent 196 ص
Dimensions 22 (Hb)
700 ## - ADDED ENTRY--PERSONAL NAME
9 (RLIN) 55153
Dates associated with a name مر تب : فا ر و ق شکیل
942 ## - ADDED ENTRY ELEMENTS (KOHA)
Source of classification or shelving scheme Dewey Decimal Classification
Item type Urdu Bks
Classification part 841.1
Call number suffix ن ظ ی
Holdings
Withdrawn status Lost status Source of classification or shelving scheme Damaged status Not for loan Collection code Home library Current library Date acquired Source of acquisition Cost, normal purchase price Total Checkouts Full call number Barcode Date last seen Copy number Cost, replacement price Koha item type
    Dewey Decimal Classification     Non-fiction D.B.Act.Division D.B.Act.Division 23/05/2013 DBAD/PUB 200.00   841.1 ن ظ ی U-6963 23/05/2013 1 200.00 Urdu Bks

© Delhi Public Library
Hit Counter
free hit counter